Children's Lit Exam Quiz Stats

 Plays Quiz not verified by Sporcle

Score 0/20 Timer 05:00
0 Plays Today
Question Answer Wrong Answers
What story is the first line 'All children, except one, grow up' from? Peter Pan
90.3%
Paddington Bear
1.3%
Curious George
0.8%
Matilda
1.9%
Which character from 'The Jungle Book' was human? Mowgli
90.1%
Kaa
1.2%
Baloo
1.9%
Bagheera
1.3%
Who was Charlotte's pig friend that she described as terrific? Wilbur
89.1%
Porky
2%
Horace
1.3%
Petunia
2.7%
What was the occupation of the man in The Old Man and the Sea? Fisherman
88.5%
Blacksmith
2.4%
Explorer
1.9%
Bread Maker
1.9%
Who wrote 'Little Town on the Prairie'? Laura Ingalls Wilder
85.6%
Mark Twain
3.3%
C.S. Lewis
2.2%
Beverly Cleary
4%
From which story is this line taken from? Command and I obey. Aladdin and the Wonderful Lamp
82.9%
The Hobbit
4.7%
The Wind and the Willows
5.1%
Cinderella
2%
Who ate Goosey Loosey? Foxy Loxy
81.9%
Ducky Lucky
4.2%
Henny Penny
6%
Chicken Little
2.9%
In what book does a stray dog move in with a family in the Texas hills? Old Yeller
77.1%
Red
3.9%
Sounder
9.3%
Biscuit
4.5%
Finish the poem - 'Mother, may I go out to swim?' 'Yes, my darling daughter, Hang your clothes on a hickory limb, But don't ...' Go near the water
68.1%
touch the food in the oven
6%
let a stranger in the house
6.5%
take candy from strangers
14.2%
Who said this? You might just as well say that 'I see what I eat' is the same thing as 'I eat what I see.' Mad Hatter
64%
Queen of Hearts
8.6%
White Rabbit
7.8%
Alice
14.6%
What main character in a novel by Felix Salten was born in a thicket? Bambi
62.7%
Rudolph
2.7%
Thumper
22.1%
Flower
7.1%
What was the second book in the 'Anne of Green Gables' series, published in 1909? Anne of Avonlea
59%
Anne of Green Gables
13.7%
Anne of the Island
11.6%
Anne's House of Dreams
10.8%
What was the name of one of the real pirates mentioned in 'Treasure Island' Blackbeard
57.9%
Sparrow
15.9%
Hook
5%
Morgan
15.9%
Frank Stockton wrote a story in which the ending was left to the reader's judgment. A man ends up before two doors. Behind one is a tiger. Behind the other is a ... Lady
54.2%
Horse
10.5%
Elephant
7.8%
Lion
21.6%
Finish the poem - I, said the sparrow with my bow and arrow
53.2%
have a red wheel barrow
19%
will make a new sombrero
3.9%
am becoming very narrow
18.4%
How many times does the letter 'p' occur in the first line of the tongue twister about Peter Piper? 9
48.7%
12
22.4%
7
19.5%
5
3.5%
PLES RING IF AN RNSER IS REQUIRD was on who's door in Winnie the Pooh? Owl
45.8%
Rabbit
21.6%
Winnie the Pooh
13.5%
Tigger
13.9%
'The Wedding Procession of the Rag Doll and the Broom Handle and Who Was in It' is part of which one of Carl Sandburg's series? Rootabaga Stories
44%
Kohlrabi Stories
13.7%
Asparagus Stories
15.7%
Horseradish Stories
20.2%
Which novel had a red bull as one of the villains? The Last Unicorn
42%
The Hobbit
3%
The Dark Crystal
16.8%
The Black Cauldron
32.1%
What animal disappeared when the elephant sneezed and fell on his knees in the poem 'Animal Fair'? Monkey
31.6%
Dog
5.2%
Mouse
52.8%
Kangaroo
4.9%

You're not logged in!

Compare scores with friends on all Sporcle quizzes.
OR
Log In

Sporcle TV

Today on Sporcle TV


Watch our educational content, quiz creation guides, and fun videos on Sporcle TV.

Show Comments

Extras

Top Quizzes Today


Score Distribution

Your Account Isn't Verified!

In order to create a playlist on Sporcle, you need to verify the email address you used during registration. Go to your Sporcle Settings to finish the process.

Report this User

Report this user for behavior that violates our Community Guidelines.

Details: